| 000 | 00390nam a22001577a 4500 | ||
|---|---|---|---|
| 020 | _a978-93-82116-39-4 | ||
| 082 |
_a823 _bGEO/ BEENA |
||
| 100 | _aGEORGE, BEENA | ||
| 245 |
_aTHE FRUITS OF HMILITY _bFOLK TALES |
||
| 246 |
_aTHE FRUITS OF HMILITY _bFOLK TALES |
||
| 260 |
_aTHRISSUR _bH & C PUBLISHING HOUSE |
||
| 300 | _a48 | ||
| 520 | _aFOLK TALES | ||
| 650 | _aFOLK TALES | ||
| 942 | _cBK | ||
| 999 |
_c2681 _d2681 |
||